LEADER 01467oam 2200445 450 001 9910711556903321 005 20181127141410.0 035 $a(CKB)5470000002484482 035 $a(OCoLC)953211601 035 $a(OCoLC)995470000002484482 035 $a(EXLCZ)995470000002484482 100 $a20160707d1981 ua 0 101 0 $aeng 135 $aurbn||||||||| 181 $ctxt$2rdacontent 182 $cc$2rdamedia 183 $acr$2rdacarrier 200 10$aInfectious waterborne diseases /$fby Phillip E. Greeson 210 1$aWashington, D.C. :$cUnited States Department of the Interior, Geological Survey,$d1981. 215 $a1 online resource (v, D16 pages) $cillustrations 225 1 $aGeological Survey circular ;$v848-D 225 1 $aBriefing papers on water quality 300 $aAlso available online in PDF format from the U.S. Geological Survey Warehouse (http://pubs.er.usgs.gov/). 320 $aIncludes bibliographical references (pages D14-D16). 606 $aWaterborne infection 606 $aWaterborne infection$2fast 615 0$aWaterborne infection. 615 7$aWaterborne infection. 700 $aGreeson$b Phillip E.$01404378 712 02$aGeological Survey (U.S.), 801 0$bCOP 801 1$bCOP 801 2$bOCLCO 801 2$bOCLCF 801 2$bOCLCA 801 2$bGPO 906 $aBOOK 912 $a9910711556903321 996 $aInfectious waterborne diseases$93478847 997 $aUNINA